[Event "EU-Cup (Women) 24th"]
[Site "Ulcinj"]
[Date "2019.11.10"]
[Round "1.5"]
[White "Zimina, Olga"]
[Black "Milovic, Aleksandra"]
[Result "1-0"]
[WhiteElo "2406"]
[BlackElo "2183"]
[PlyCount "89"]
[EventDate "2019.11.10"]
[EventType "team-swiss"]
[EventRounds "7"]
[EventCountry "MNE"]
[SourceTitle "CBM 193 Extra"]
[Source "ChessBase"]
[SourceDate "2020.01.31"]
[SourceVersion "1"]
[SourceVersionDate "2020.01.31"]
[SourceQuality "1"]
[WhiteTeam "Caissa Italia Pentole Agnelli (W)"]
[BlackTeam "MNE (W)"]
[WhiteTeamCountry "ITA"]
[BlackTeamCountry "MNE"]

1. Nf3 e6 2. g3 c5 3. c4 Nc6 4. Bg2 Nf6 5. 0-0 Be7 6. Nc3 0-0 7. d4 cxd4 8. Nxd4 a6 9. b3 Qc7 10. Bb2 d6 11. Rc1 Nxd4 12. Qxd4 Rb8 13. Rfd1 Qc5 14. Qxc5 dxc5 15. Na4 Nd7 16. Ba3 f5 17. Rc2 Rf7 18. e4 fxe4 19. Bxe4 b6 20. Bg2 Bf6 21. Rcd2 Bd4 22. Bb2 Bxb2 23. Nxb2 Ne5 24. f4 Ng4 25. Bh3 h5 26. Rd8+ Rf8 27. Bxg4 hxg4 28. Rxf8+ Kxf8 29. Rd8+ Ke7 30. Rg8 Kf7 31. Rh8 Ra8 32. Na4 Rb8 33. Kf2 Ke7 34. Nxb6 Rxb6 35. Rxc8 Kd6 36. Rg8 Rb7 37. Ra8 Rb6 38. Ra7 g6 39. Rg7 a5 40. Rxg6 a4 41. f5 Kd7 42. Rxe6 Rb8 43. Re3 a3 44. Re5 Rh8 45. Kg2 1-0

[Event "MNT-chT 1st League"]
[Site "Podgorica"]
[Date "2019.07.26"]
[Round "7.7"]
[White "Milovic, Aleksandra"]
[Black "Koljevic, Nikolina"]
[Result "1-0"]
[WhiteElo "2182"]
[BlackElo "1960"]
[PlyCount "61"]
[EventDate "2019.07.20"]
[EventType "team-tourn"]
[EventRounds "9"]
[EventCountry "MNE"]
[SourceTitle "EXT 2020"]
[Source "ChessBase"]
[SourceDate "2019.10.17"]
[SourceVersion "1"]
[SourceVersionDate "2019.10.17"]
[SourceQuality "1"]
[WhiteTeam "Elektroprivreda"]
[BlackTeam "Rokada"]
[WhiteTeamCountry "MNE"]
[BlackTeamCountry "MNE"]

1. Nc3 d5 2. Nf3 Nf6 3. e3 e6 4. g3 Bd6 5. Bg2 0-0 6. 0-0 a6 7. d3 e5 8. e4 d4 9. Ne2 c5 10. Nh4 Nc6 11. f4 exf4 12. Nxf4 Bg4 13. Qe1 Ne5 14. h3 Be6 15. g4 Be7 16. Nf5 Bxf5 17. exf5 Nfd7 18. Nh5 Bh4 19. Qe4 Re8 20. Qxb7 Rb8 21. Qd5 Qe7 22. b3 Nb6 23. Qe4 Qd8 24. f6 Ng6 25. Qf3 Ne5 26. Qf5 g6 27. Qf4 gxh5 28. Qh6 Bxf6 29. Rxf6 Ng6 30. Bg5 Qd7 31. gxh5 1-0

[Event "MNT-chT 1st League"]
[Site "Podgorica"]
[Date "2019.07.22"]
[Round "3.7"]
[White "Milovic, Aleksandra"]
[Black "Mandic, Stefan"]
[Result "0-1"]
[WhiteElo "2182"]
[BlackElo "1927"]
[PlyCount "149"]
[EventDate "2019.07.20"]
[EventType "team-tourn"]
[EventRounds "9"]
[EventCountry "MNE"]
[SourceTitle "EXT 2020"]
[Source "ChessBase"]
[SourceDate "2019.10.17"]
[SourceVersion "1"]
[SourceVersionDate "2019.10.17"]
[SourceQuality "1"]
[WhiteTeam "Elektroprivreda"]
[BlackTeam "Mimoza"]
[WhiteTeamCountry "MNE"]
[BlackTeamCountry "MNE"]

1. e4 e5 2. Nf3 Nc6 3. Nc3 Nf6 4. d4 exd4 5. Nxd4 Bb4 6. Nxc6 bxc6 7. Bd3 0-0 8. 0-0 d5 9. exd5 cxd5 10. Bg5 Bxc3 11. bxc3 Qd6 12. Qf3 Bg4 13. Qf4 Qxf4 14. Bxf4 c5 15. c4 Rfe8 16. Rfe1 Rxe1+ 17. Rxe1 Be6 18. cxd5 Nxd5 19. Bd6 Nc3 20. Bxc5 Nxa2 21. f4 g6 22. Be4 Re8 23. Kf2 a5 24. Bb6 a4 25. Ba5 Rb8 26. Re3 Rb2 27. Kf3 Nb4 28. Rc3 f5 29. Bd3 Nxd3 30. cxd3 Bd5+ 31. Ke3 Rxg2 32. Kd4 Bb3 33. Ke5 Re2+ 34. Kf6 Re6+ 35. Kg5 Re7 36. Bb4 Rb7 37. Rc8+ Kf7 38. Rf8+ Kg7 39. Ba3 Rd7 40. Rb8 h6+ 41. Kh4 Rxd3 42. Rb7+ Kg8 43. Rb8+ Kf7 44. Rb7+ Ke8 45. Rb8+ Kd7 46. Bf8 a3 47. Bxa3 Rf3 48. Bf8 Rxf4+ 49. Kg3 Rg4+ 50. Kf2 Bd5 51. Bxh6 Rg2+ 52. Ke3 Rxh2 53. Bf4 Rg2 54. Kd4 Be4 55. Ke5 g5 56. Bc1 Bc2 57. Rb7+ Kc6 58. Rg7 Re2+ 59. Kd4 g4 60. Rg8 Re4+ 61. Kc3 Ba4 62. Rf8 Re5 63. Bf4 Rc5+ 64. Kb4 Rd5 65. Rf6+ Kd7 66. Kc4 Bc6 67. Rh6 Ra5 68. Rh7+ Ke6 69. Rh6+ Kf7 70. Kd4 Be4 71. Rb6 Rd5+ 72. Ke3 Rd3+ 73. Ke2 Rf3 74. Be3 g3 75. Ra6 0-1

[Event "MNT-ch 71st"]
[Site "Podgorica"]
[Date "2019.05.18"]
[Round "1"]
[White "Milovic, Aleksandra"]
[Black "Blagojevic, Dragisa"]
[Result "0-1"]
[WhiteElo "2185"]
[BlackElo "2499"]
[PlyCount "58"]
[EventDate "2019.05.18"]
[EventType "swiss"]
[EventRounds "9"]
[EventCountry "MNE"]
[SourceTitle "CBM 190 Extra"]
[Source "ChessBase"]
[SourceDate "2019.07.15"]
[SourceVersion "1"]
[SourceVersionDate "2019.07.15"]
[SourceQuality "1"]

1. b3 d5 2. Bb2 Bg4 3. h3 Bh5 4. g4 Bg6 5. Nf3 e6 6. Ne5 Be4 7. Rg1 f6 8. d3 fxe5 9. dxe4 d4 10. e3 Bc5 11. exd4 exd4 12. Nd2 Nc6 13. Bb5 Nge7 14. Qe2 0-0 15. 0-0-0 Ne5 16. Bd3 N7g6 17. Rg3 Nf4 18. Qf1 Qf6 19. Bc4 a6 20. g5 Qe7 21. g6 Nfxg6 22. b4 Bxb4 23. Bxd4 b5 24. Bb3 c5 25. Bxe5 Nxe5 26. c4 Qf6 27. Nb1 Rab8 28. Rd6 Qf4+ 29. Kc2 Qxg3 0-1

[Event "EU-chT (Women) 21st"]
[Site "Heraklion"]
[Date "2017.11.04"]
[Round "7.1"]
[White "Milovic, Aleksandra"]
[Black "Nazarova, Anastasia"]
[Result "0-1"]
[WhiteElo "2191"]
[BlackElo "1997"]
[PlyCount "156"]
[EventDate "2017.10.28"]
[EventType "team-swiss"]
[EventRounds "9"]
[EventCountry "GRE"]
[SourceTitle "CBM 181 Extra"]
[Source "ChessBase"]
[SourceDate "2017.12.12"]
[SourceVersion "1"]
[SourceVersionDate "2017.12.12"]
[SourceQuality "1"]
[WhiteTeam "Montenegro (W)"]
[BlackTeam "Finland (W)"]
[WhiteTeamCountry "MNE"]
[BlackTeamCountry "FIN"]

1. d4 d5 2. Bg5 Nf6 3. e3 e6 4. Bd3 Be7 5. Ne2 h6 6. Bh4 0-0 7. 0-0 Nbd7 8. c4 dxc4 9. Bxc4 c5 10. Nbc3 Qb6 11. a4 cxd4 12. exd4 Qa5 13. Nc1 Nb6 14. Bb5 Nbd5 15. Nb3 Qd8 16. Re1 Bd7 17. Bf1 Rc8 18. Qf3 Bc6 19. Bb5 Re8 20. Bxc6 Rxc6 21. Rad1 Nxc3 22. bxc3 Nd5 23. Bxe7 Rxe7 24. Nc5 b6 25. c4 Nb4 26. Rb1 bxc5 27. Rxb4 Rec7 28. dxc5 Rxc5 29. Rd1 Qe8 30. Qb3 Kh7 31. Rb8 Rc8 32. Rxc8 Qxc8 33. Rd4 Qc6 34. h4 Ra5 35. Qd3+ f5 36. Rd6 Qe8 37. Rd8 Qxa4 38. h5 Qa1+ 39. Kh2 Qf6 40. g3 Qg5 41. Qd1 Ra2 42. Kg2 Qe3 43. Qf3 Qc5 44. g4 Qxc4 45. gxf5 Qh4 46. f6 Qg5+ 47. Qg3 Rxf2+ 48. Kxf2 Qxf6+ 49. Ke2 Qxd8 50. Qg6+ Kh8 51. Qxe6 a5 52. Qc4 Qe8+ 53. Kf2 Qxh5 54. Qc8+ Kh7 55. Qc2+ Qg6 56. Qa4 Qf5+ 57. Kg2 h5 58. Kh2 Qg5 59. Qe4+ Qg6 60. Qa4 Qf5 61. Qe8 h4 62. Qa4 Qg5 63. Qe4+ Qg6 64. Qa4 Qg3+ 65. Kh1 h3 66. Qe4+ Qg6 67. Qh4+ Kg8 68. Qd8+ Kf7 69. Qd7+ Kf8 70. Qd8+ Qe8 71. Qd6+ Qe7 72. Qb8+ Kf7 73. Qf4+ Qf6 74. Qc4+ Kg6 75. Qg4+ Qg5 76. Qe6+ Kh7 77. Qe4+ Kh6 78. Qe6+ g6 0-1